[Event "ECC"]
[Site "Panormo GRE"]
[Date "2001.09.28"]
[Round "6"]
[White "Heidenfeld,M"]
[Black "Berkvens,J"]
[Result "1/2-1/2"]
[WhiteElo "2377"]
[BlackElo "2444"]
[EventDate "2001.09.22"]

1. e4 c5 2. Nf3 d6 3. c4 e5 4. Nc3 Nc6 5. d3 g6 6. Bg5 f6 7. Bd2 Bg7 8. a3
Nge7 9. Rb1 O-O 10. b4 b6 11. Qc1 f5 12. Bg5 Qe8 13. Be2 Kh8 14. h4 Qf7 15.
h5 gxh5 16. Bxe7 Nxe7 17. Ng5 Qf6 18. Rxh5 h6 19. Bf3 Qg6 20. Qd1 Kg8 21.
Nd5 Nxd5 22. exf5 Bxf5 23. Bxd5+ Kh8 24. Rb3 Rae8 25. g4 Bd7 26. Be4 Qf6
27. Rb2 Qf4 28. f3 Bxg4 29. fxg4 Qf1+ 30. Kd2 Rf2+ 31. Kc1 Qxd1+ 32. Kxd1
Rxb2 33. Nf7+ Kg8 34. Bd5 Kf8 35. Nxd6 Rd8 36. Nb7 Rxd5 37. cxd5 cxb4 38.
axb4 Rxb4 39. Rf5+ Ke8 40. Nd6+ Ke7 41. Nc8+ Ke8 42. Nd6+ Ke7 43. Nc8+ Kd7
44. Nxa7 Kd6 45. g5 hxg5 1/2-1/2

[Event "ECC"]
[Site "Panormo GRE"]
[Date "2001.09.28"]
[Round "6"]
[White "Dutreeuw,M"]
[Black "O'Connor,Jon"]
[Result "0-1"]
[WhiteElo "2390"]
[BlackElo "2165"]
[EventDate "2001.09.22"]

1. e4 e6 2. d4 d5 3. Nc3 Bb4 4. e5 c5 5. a3 Bxc3+ 6. bxc3 Ne7 7. Qg4 O-O 8.
Bd3 Nbc6 9. Qh5 Ng6 10. Nf3 Qc7 11. Be3 Nce7 12. Qg5 c4 13. Be2 f6 14. exf6
Rxf6 15. Qg3 Qa5 16. O-O Nf5 17. Qh3 Qxc3 18. Bg5 Rf8 19. Bd2 Qxc2 20. Rfe1
Nxd4 21. Nxd4 Qxd2 22. Nf3 Qf4 23. g3 Qf6 24. Qg2 Bd7 25. h4 Bc6 26. Qh2 h6
27. Rad1 Ba4 28. Rd4 Ne5 29. Nd2 Nc6 30. Rg4 Qc3 0-1

[Event "ECC"]
[Site "Panormo GRE"]
[Date "2001.09.28"]
[Round "6"]
[White "Keogh,E"]
[Black "Welling,G"]
[Result "0-1"]
[WhiteElo "2152"]
[BlackElo "2376"]
[EventDate "2001.09.22"]

1. e4 g6 2. Nc3 Bg7 3. g3 c5 4. Bg2 Nc6 5. d3 Rb8 6. f4 b5 7. Nf3 d6 8. O-O
b4 9. Ne2 Qb6 10. h3 f5 11. Kh2 Nf6 12. Nd2 Qc7 13. Nc4 fxe4 14. dxe4 Ba6
15. Ne3 Nd4 16. Re1 Bxe2 17. Rxe2 Nxe2 18. Qxe2 O-O 19. Bd2 Nd7 20. c3 a5
21. Rf1 Kh8 22. h4 bxc3 23. Bxc3 Bxc3 24. bxc3 Nf6 25. c4 e6 26. Qd2 a4 27.
g4 a3 28. Qc3 Qg7 29. Qxa3 Ra8 30. Qd3 Rxa2 31. g5 Ne8 32. Kg3 Qb2 33. h5
Ra3 0-1

[Event "ECC"]
[Site "Panormo GRE"]
[Date "2001.09.28"]
[Round "6"]
[White "Van Schaardenburg,M"]
[Black "Schmidt,M"]
[Result "1/2-1/2"]
[WhiteElo "2265"]
[BlackElo "2104"]
[EventDate "2001.09.22"]

1. e4 c6 2. d4 d5 3. Nc3 dxe4 4. Nxe4 Bf5 5. Ng3 Bg6 6. h4 h6 7. Nf3 Nd7 8.
Bd3 Bxd3 9. Qxd3 e6 10. Qe2 Ngf6 11. Bd2 Be7 12. c4 O-O 13. O-O Bd6 14. Ne4
Nxe4 15. Qxe4 Nf6 16. Qe2 Qc7 17. Ne5 c5 18. Bc3 Rfd8 19. Rfd1 Rac8 20. b3
Bxe5 21. dxe5 Ne8 22. Kh2 Rd7 23. Rxd7 Qxd7 24. Rd1 Qc7 25. Qd3 Qe7 26. g3
Nc7 27. Kg2 Na6 28. Qd7 Qxd7 29. Rxd7 Nc7 30. b4 Kf8 31. b5 Ke8 32. Rd6 Na8
33. Ba5 Ke7 34. Rd3 h5 35. Kf3 f6 36. Ke4 Rg8 37. Ra3 Nb6 38. Bxb6 axb6 39.
Ra7 Rb8 40. Kf4 Kd7 41. Ra3 Ke7 42. Rd3 Rf8 43. f3 Rf7 44. Ra3 fxe5+ 45.
Kg5 e4 46. fxe4 Kd6 47. Kxh5 Ke5 48. Rd3 Kxe4 49. Rd6 Re7 50. Kg5 e5 51. a4
Ke3 52. Rxb6 e4 53. a5 Kf2 54. a6 bxa6 55. bxa6 e3 56. Rb7 Re5+ 57. Kf4 Re8
58. a7 Ra8 59. Kg4 e2 60. Rf7+ Ke3 61. Re7+ Kd3 62. Kf3 Rxa7 63. Re3+ Kxc4
64. Kxe2 Rd7 65. g4 Kb4 66. h5 c4 67. Re8 Rd4 68. g5 Rh4 69. Rb8+ Kc5 70.
Rh8 Kd4 71. h6 gxh6 72. gxh6 Rh2+ 73. Kd1 Kd3 74. Rd8+ Ke3 75. Rd6 Kf4
1/2-1/2

[Event "ECC"]
[Site "Panormo GRE"]
[Date "2001.09.28"]
[Round "6"]
[White "Markos,J"]
[Black "Storland,K"]
[Result "1/2-1/2"]
[WhiteElo "2479"]
[BlackElo "2282"]
[EventDate "2001.09.22"]

1. d4 Nf6 2. c4 e6 3. Nf3 b6 4. e3 Bb7 5. Bd3 c5 6. O-O Be7 7. b3 O-O 8.
Bb2 d6 9. Nc3 cxd4 10. exd4 Nbd7 11. Rc1 Rc8 12. Re1 Re8 13. d5 e5 14. h3
a6 15. a4 g6 16. g4 Rf8 17. Qd2 Ne8 18. Kh2 Rc7 19. Rg1 Bc8 20. Bc2 Bf6 21.
Ne4 Bg7 22. a5 Rb7 23. axb6 Qxb6 24. Bc3 Nc5 25. Nxc5 Qxc5 26. Ra1 f5 27.
Rxa6 fxg4 28. Rc6 Qa7 29. Rxc8 Rxf3 30. c5 Rxh3+ 31. Kg2 Rb8 32. Ra1 Qb7
33. Rxb8 Qxb8 34. Bd1 Rxc3 35. Qxc3 e4 36. Qc1 Bxa1 37. Qxa1 dxc5 38. Bxg4
h5 39. Be6+ Kh7 40. Qc3 Qd6 41. Kg1 Nc7 42. Qf6 Kh6 43. Qf7 Nb5 44. f4 exf3
45. Qxf3 Qe7 46. Kh2 Nd4 47. Qf4+ g5 48. Qe3 Qd6+ 49. Kg2 Qf4 50. Qxf4 gxf4
51. Bh3 Nxb3 52. d6 Na5 53. Be6 Nb7 54. d7 Nd8 55. Bc4 Kg5 56. Be2 h4 57.
Kh3 Kf5 58. Kxh4 Ke4 59. Bb5 Kf5 1/2-1/2

[Event "ECC"]
[Site "Panormo GRE"]
[Date "2001.09.28"]
[Round "6"]
[White "Harestad,T"]
[Black "Zetocha,C"]
[Result "1/2-1/2"]
[WhiteElo "2235"]
[BlackElo "2434"]
[EventDate "2001.09.22"]

1. d4 e6 2. Nf3 c5 3. c4 cxd4 4. Nxd4 a6 5. e4 Nf6 6. Nc3 Bb4 7. Bd3 Nc6 8.
Nc2 Be7 9. O-O Qc7 10. Qe2 d6 11. Be3 Ne5 12. f3 b6 13. Rac1 Bb7 14. Rfd1
O-O 15. Na3 Rfe8 16. Na4 Nfd7 17. Qf2 Nxd3 18. Rxd3 Nc5 19. Nxc5 dxc5 20.
Rcd1 Rad8 21. Nc2 Rxd3 22. Rxd3 Rd8 23. Ne1 f5 24. exf5 exf5 25. Qd2 Rxd3
26. Qxd3 g6 27. Bd2 Bd6 28. h3 Qe7 29. Bc3 Bg3 30. Kf1 Kf7 31. Nc2 Bf4 32.
a3 Bc6 33. b3 Qd6 34. Ke2 Qxd3+ 35. Kxd3 Ke6 36. b4 Bd6 37. bxc5 bxc5 38.
Ne3 Bc7 39. Nf1 a5 40. Nd2 a4 41. Bb2 h5 42. Bc3 h4 43. Nf1 g5 44. Ne3 Bb7
45. Bg7 Bd6 46. Bc3 Bc8 47. Nd5 Bb7 48. Ne3 Bc6 49. Bg7 Be7 50. Bc3 Bf6 51.
Bxf6 Kxf6 52. Nd1 g4 53. Ke3 Kg5 54. f4+ Kf6 55. Kf2 g3+ 56. Kf1 Be4 57.
Ne3 1/2-1/2

[Event "ECC"]
[Site "Panormo GRE"]
[Date "2001.09.28"]
[Round "6"]
[White "Lipka,J"]
[Black "Harestad,H"]
[Result "1-0"]
[WhiteElo "2432"]
[BlackElo "2196"]
[EventDate "2001.09.22"]

1. d4 Nf6 2. Nf3 e6 3. Bg5 c5 4. e3 b6 5. d5 d6 6. dxe6 fxe6 7. Nc3 Be7 8.
e4 O-O 9. Qd2 Bb7 10. O-O-O Nxe4 11. Nxe4 Bxe4 12. Bxe7 Qxe7 13. Qxd6 Qxd6
14. Rxd6 Bd5 15. Ng5 Rxf2 16. c4 Bb7 17. Rd8+ Rf8 18. Rxf8+ Kxf8 19. Nxe6+
Ke7 20. Nc7 Nc6 21. Nxa8 Bxa8 22. Bd3 Ne5 23. Re1 Kf6 24. Be4 Bxe4 25. Rxe4
Kf5 26. Re2 g5 27. b3 a6 28. Rf2+ Ke4 29. Rf6 b5 30. Rxa6 bxc4 31. bxc4
Nxc4 32. Rh6 1-0

[Event "ECC"]
[Site "Panormo GRE"]
[Date "2001.09.28"]
[Round "6"]
[White "Vestly,J"]
[Black "Salai,L"]
[Result "1-0"]
[WhiteElo "2109"]
[BlackElo "2418"]
[EventDate "2001.09.22"]

1. d4 Nf6 2. Nf3 g6 3. Bf4 Bg7 4. e3 O-O 5. h3 d6 6. Nbd2 c5 7. c3 b6 8.
Be2 Bb7 9. O-O Nc6 10. Bh2 Re8 11. a4 cxd4 12. exd4 Rc8 13. Nc4 Ba6 14. Re1
Nb8 15. Qb3 Qc7 16. Ne3 Bb7 17. Ng5 e6 18. Bc4 h6 19. Nxe6 fxe6 20. Bxe6+
Kh7 21. Bxc8 Qxc8 22. a5 Nbd7 23. axb6 axb6 24. f3 Qc6 25. Qf7 Rf8 26. Qe7
d5 27. Ng4 Ng8 28. Qe2 h5 29. Nf2 b5 30. Nd3 Qb6 31. Qc2 Nh6 32. Nf4 Be5
33. Rxe5 Nxe5 34. Re1 Rxf4 35. Bxf4 Nef7 36. Bxh6 Kxh6 37. Re7 Kg7 38. Qe2
Bc8 39. Qe5+ Qf6 40. Rxf7+ Kxf7 41. Qc7+ Qe7 42. Qxc8 Qe1+ 43. Kh2 h4 44.
Qd7+ Kg8 45. Qxd5+ Kh7 46. Qe5 Qf2 47. b4 Kh6 48. d5 Qb6 49. d6 Qb8 50. f4
1-0

[Event "ECC"]
[Site "Panormo GRE"]
[Date "2001.09.29"]
[Round "7"]
[White "Savchenko,S"]
[Black "Rustemov,A"]
[Result "1/2-1/2"]
[WhiteElo "2549"]
[BlackElo "2607"]
[EventDate "2001.09.22"]

1. d4 d5 2. c4 dxc4 3. Nf3 e6 4. e3 a6 5. Bxc4 c5 6. O-O Nf6 7. dxc5 Qxd1
8. Rxd1 Bxc5 9. Nbd2 O-O 10. Be2 Rd8 11. b3 b6 12. Bb2 Bb7 13. Ne5 Nbd7 14.
Nec4 1/2-1/2

[Event "ECC"]
[Site "Panormo GRE"]
[Date "2001.09.29"]
[Round "7"]
[White "Kurajica,B"]
[Black "Scheffknecht,P"]
[Result "1-0"]
[WhiteElo "2566"]
[BlackElo "2150"]
[EventDate "2001.09.22"]

1. Nf3 c5 2. g3 b6 3. Bg2 Bb7 4. O-O e6 5. c4 d6 6. d4 cxd4 7. Qxd4 Nf6 8.
Rd1 Qc7 9. Nc3 a6 10. Bg5 Nbd7 11. Rac1 h6 12. Bxf6 Nxf6 13. Nd2 Bxg2 14.
Kxg2 Be7 15. Nde4 Rd8 16. Qd3 Ng4 17. f4 f5 18. Qf3 h5 19. Nd2 Bf6 20. h3
Bxc3 21. Rxc3 Nf6 22. e4 g6 23. Re1 Kf7 24. Qe3 Qc6 25. Rb3 Rb8 26. Kg1
Nxe4 27. Nxe4 fxe4 28. Qxe4 Qxe4 29. Rxe4 Rb7 30. Rd4 Ke7 31. Re3 Re8 32.
g4 hxg4 33. hxg4 Rd7 34. Ra3 a5 35. Rb3 Rb8 36. Kg2 Rc7 37. Rh3 Rf8 38.
Rh7+ Rf7 39. Rh8 e5 40. fxe5 dxe5 41. Re4 Kf6 42. Rh3 Rfd7 43. Rf3+ Ke6 44.
Rb3 Rd6 45. Kg3 g5 46. a4 Rcc6 47. Kf3 Rc7 48. Rbe3 Rc5 49. Ke2 Rd7 50. Rb3
Rb7 51. Rh3 Rf7 52. b3 Rf6 53. Rh8 Kf7 54. Rh7+ Kf8 55. Rb7 Re6 56. Re3
Rcc6 57. Rd7 Kg8 58. Rd5 Rc5 59. Kd3 Kg7 60. Ke4 Rc7 61. Rxe5 Rxe5+ 62.
Kxe5 Re7+ 63. Kd4 Rd7+ 64. Kc3 Rd6 65. Re5 Kf6 66. Rf5+ Kg6 67. c5 bxc5 68.
Rxc5 Rd1 69. Rxa5 Rg1 70. Re5 Rxg4 71. a5 Rf4 72. b4 1-0

[Event "ECC"]
[Site "Panormo GRE"]
[Date "2001.09.29"]
[Round "7"]
[White "Filippov,V"]
[Black "Grabarczyk,B"]
[Result "1-0"]
[WhiteElo "2617"]
[BlackElo "2439"]
[EventDate "2001.09.22"]

1. Nf3 f5 2. c4 Nf6 3. g3 d6 4. d4 g6 5. Bg2 Bg7 6. Nc3 O-O 7. O-O e6 8. b3
Nc6 9. Ba3 Ne4 10. Qd3 Nxc3 11. Qxc3 Qf6 12. Rad1 Re8 13. Bb2 e5 14. dxe5
dxe5 15. b4 f4 16. b5 Nd8 17. e3 g5 18. Nxe5 Nf7 19. Nxf7 Qxc3 20. Bxc3
Bxc3 21. Nxg5 Bg4 22. Rd3 Ba5 23. Bxb7 Be2 24. Rd7 1-0

[Event "ECC"]
[Site "Panormo GRE"]
[Date "2001.09.29"]
[Round "7"]
[White "Stisis,Y"]
[Black "Putka,V"]
[Result "1-0"]
[WhiteElo "2391"]
[BlackElo "2277"]
[EventDate "2001.09.22"]

1. e4 e5 2. Nf3 Nf6 3. d4 Nxe4 4. dxe5 d5 5. Nbd2 Nc5 6. Nb3 Nxb3 7. axb3
Be7 8. Bd3 Bg4 9. h3 Bh5 10. O-O Nc6 11. Re1 O-O 12. c3 Kh8 13. Bf5 Bg6 14.
Bxg6 fxg6 15. Qd3 Qd7 16. Ra4 Qe6 17. Rf4 a6 18. Bd2 Rad8 19. Nd4 Nxd4 20.
Qxd4 c5 21. Rxf8+ Rxf8 22. Qg4 Rf5 23. f4 Qb6 24. Qd1 c4+ 25. Be3 Bc5 26.
Bxc5 Qxc5+ 27. Qd4 Qxd4+ 28. cxd4 cxb3 29. e6 Rf8 30. Re5 Kg8 31. Rxd5 Rc8
32. Rd7 Kf8 33. d5 Ke8 34. Rxb7 Rc1+ 35. Kf2 Rd1 36. Rb8+ Ke7 37. Rb7+ Ke8
38. Rxb3 Rxd5 39. Rb7 g5 40. Rxg7 gxf4 41. Rxh7 Rd2+ 42. Kf3 Rxb2 43. Ra7
Rb6 44. Kxf4 Rxe6 45. g4 Rh6 46. Kg3 Kf8 47. g5 Rb6 48. Kg4 Rc6 49. h4 Rb6
50. Kh5 Kg8 51. g6 Rb4 52. Rxa6 Kg7 53. Ra7+ Kg8 54. Kg5 Rc4 55. Ra5 Rc1
56. h5 Rc8 57. h6 Rb8 58. h7+ Kh8 59. Kh6 1-0

[Event "ECC"]
[Site "Panormo GRE"]
[Date "2001.09.29"]
[Round "7"]
[White "Babula,V"]
[Black "Galego,L"]
[Result "1-0"]
[WhiteElo "2566"]
[BlackElo "2467"]
[EventDate "2001.09.22"]

1. d4 Nf6 2. c4 e6 3. Nc3 Bb4 4. e3 O-O 5. Bd3 d5 6. Nf3 c5 7. O-O dxc4 8.
Bxc4 b6 9. a3 Bxc3 10. bxc3 Qc7 11. Bd3 Bb7 12. Re1 Nbd7 13. e4 e5 14. Bg5
Qd6 15. d5 h6 16. Bh4 Rfc8 17. Nd2 Nf8 18. Nc4 Qe7 19. Qf3 N8h7 20. Qf5 Re8
21. f4 exf4 22. e5 g6 23. Qh3 g5 24. exf6 Qxf6 25. Qd7 Reb8 26. Bf2 Nf8 27.
Qd6 Qxc3 28. Ne5 Re8 29. Bb5 Red8 30. Qf6 Bxd5 31. Qxh6 Be4 32. Qxg5+ Ng6
33. Nxg6 Bxg6 34. Qxf4 Rd2 35. Bh4 Re2 36. Bxe2 1-0

[Event "ECC"]
[Site "Panormo GRE"]
[Date "2001.09.29"]
[Round "7"]
[White "Pelletier,Y"]
[Black "Vassallo,M"]
[Result "1-0"]
[WhiteElo "2531"]
[BlackElo "2470"]
[EventDate "2001.09.22"]

1. d4 d6 2. c4 e5 3. Nf3 Nd7 4. Nc3 g6 5. e4 Bg7 6. Be2 Nh6 7. h4 c6 8. h5
f6 9. d5 c5 10. Be3 Nf7 11. Qd3 a6 12. g3 Rb8 13. Qc2 Bh6 14. Bxh6 Nxh6 15.
hxg6 hxg6 16. Qd2 g5 17. O-O-O Nf8 18. Nh2 Nf7 19. Ng4 Rxh1 20. Rxh1 b5 21.
Ne3 Qa5 22. Kb1 Rb7 23. Bh5 Kd8 24. Qe2 bxc4 25. Ka1 Ke8 26. f4 gxf4 27.
gxf4 Qd8 28. Qg2 exf4 29. Nxc4 Qe7 30. e5 fxe5 31. Bxf7+ Kxf7 32. Ne4 Rd7
33. Rh8 Rd8 34. Qg8+ Ke8 35. Rh7 1-0

[Event "ECC"]
[Site "Panormo GRE"]
[Date "2001.09.29"]
[Round "7"]
[White "Santos,CP"]
[Black "Knaak,R"]
[Result "1-0"]
[WhiteElo "2423"]
[BlackElo "2494"]
[EventDate "2001.09.22"]

1. d4 d5 2. c4 e6 3. Nc3 c6 4. Nf3 Nf6 5. Bg5 dxc4 6. a4 Bb4 7. e4 c5 8.
Bxc4 cxd4 9. Nxd4 h6 10. Bxf6 Qxf6 11. Bb5+ Nd7 12. O-O a6 13. Bxd7+ Bxd7
14. Re1 O-O 15. e5 Qg6 16. Re3 Rfd8 17. Rg3 Qh7 18. Qf3 Bxc3 19. bxc3 Rab8
20. h4 Rdc8 21. a5 Rc5 22. Rd1 Ba4 23. Ra1 Be8 24. Kh2 Rd5 25. Re1 Rc8 26.
Re3 h5 27. Qf6 Kh8 28. Qf4 Qh6 29. Rg5 Rcc5 30. Qf3 g6 31. Qf4 Rxa5 32.
Reg3 Rxe5 33. Nb3 1-0

[Event "ECC"]
[Site "Panormo GRE"]
[Date "2001.09.29"]
[Round "7"]
[White "Olsson,An"]
[Black "Stojanovski,D"]
[Result "0-1"]
[WhiteElo "2265"]
[BlackElo "2417"]
[EventDate "2001.09.22"]

1. e4 c5 2. Nf3 g6 3. d4 cxd4 4. Nxd4 Nc6 5. c4 Nf6 6. Nc3 d6 7. Be2 Nxd4
8. Qxd4 Bg7 9. Be3 O-O 10. Qd2 Be6 11. O-O Qa5 12. Rac1 Rfc8 13. b3 a6 14.
a4 Nd7 15. Bd4 Bxd4 16. Qxd4 Qc5 17. Qd2 Qb4 18. Qb2 Nf6 19. Qb1 Bd7 20.
Bd3 Bc6 21. Rfe1 e5 22. Re3 Kg7 23. Qb2 Nd7 24. Bc2 a5 25. Rd1 Rd8 26. Red3
Nc5 27. Rxd6 Rxd6 28. Nd5 Bxd5 29. Qxe5+ Rf6 30. g4 Nd7 31. Qxd5 Qc3 32.
Bd3 Ne5 33. g5 Re6 34. Be2 Nc6 35. Bg4 Re5 0-1

[Event "ECC"]
[Site "Panormo GRE"]
[Date "2001.09.29"]
[Round "7"]
[White "Stefansson,H"]
[Black "Zifroni,D"]
[Result "1/2-1/2"]
[WhiteElo "2586"]
[BlackElo "2548"]
[EventDate "2001.09.22"]

1. c4 e5 2. Nc3 Nf6 3. Nf3 Nc6 4. a3 g6 5. d3 Bg7 6. g3 O-O 7. Bg2 d6 8.
O-O Nd4 9. Nd2 c6 10. b4 a6 11. a4 Be6 12. e3 Nf5 13. Nde4 Ne7 14. Ng5 Bg4
15. Qb3 h6 16. Nge4 Nxe4 17. dxe4 Be6 18. a5 Qe8 19. Na4 f5 20. Nb6 Rb8 21.
Bb2 Nc8 22. Nxc8 1/2-1/2

[Event "ECC"]
[Site "Panormo GRE"]
[Date "2001.09.29"]
[Round "7"]
[White "Zilberman,Y"]
[Black "Olafsson,H"]
[Result "0-1"]
[WhiteElo "2471"]
[BlackElo "2460"]
[EventDate "2001.09.22"]

1. d4 Nf6 2. c4 g6 3. Nc3 d5 4. Nf3 Bg7 5. Bg5 dxc4 6. e4 c5 7. Bxc4 cxd4
8. Qxd4 Qxd4 9. Nxd4 Nxe4 10. Nxe4 Bxd4 11. O-O-O Nc6 12. Bh6 Be6 13. Bxe6
fxe6 14. Rxd4 Nxd4 15. Bg7 O-O-O 16. Bxh8 Rxh8 17. h4 h6 18. h5 g5 19. Re1
b6 20. f3 Kd7 21. Kd2 Rc8 22. Kd3 Nc2 23. Rd1 Nb4+ 24. Kd4 Ke8 25. Ke5 Kf7
26. Rd6 Rc5+ 27. Nxc5 exd6+ 28. Kxd6 bxc5 29. Kxc5 Nxa2 30. Kb5 Nc1 0-1

[Event "ECC"]
[Site "Panormo GRE"]
[Date "2001.09.29"]
[Round "7"]
[White "Arnason,J"]
[Black "Lev,R"]
[Result "1/2-1/2"]
[WhiteElo "2528"]
[BlackElo "2447"]
[EventDate "2001.09.22"]

1. e4 e5 2. Nc3 Nf6 3. g3 d5 4. exd5 Nxd5 5. Bg2 Nxc3 6. bxc3 Bd6 7. Nf3
O-O 8. O-O Nd7 9. Re1 Re8 10. d4 exd4 11. Rxe8+ Qxe8 12. cxd4 Rb8 13. c4 b6
14. Bb2 Bb7 15. Qb3 a6 16. Rd1 h6 17. h3 b5 18. c5 Bf8 19. Re1 Qd8 20. Bc1
g6 21. Bf4 Bg7 22. Rc1 Nf6 23. c6 Bc8 24. Be5 Be6 25. Qa3 Rb6 26. Nd2 Bd5
27. Bxd5 Nxd5 28. Bxg7 Kxg7 29. Rc5 Qe7 30. Qf3 Nf6 31. Nb3 a5 32. Re5 Qd8
33. Nxa5 Qxd4 34. Qe2 Nd5 35. Re8 Nf6 36. Rc8 Qd6 37. Nb7 Qxc6 38. Qe7 g5
39. Nd8 Qd7 40. Rxc7 Qxe7 41. Rxe7 Nd5 42. Rxf7+ Kg6 43. Ra7 Nc3 44. Nb7
Nxa2 45. Nc5 Nc3 46. Nd7 Rd6 47. Rb7 Kf5 48. Kg2 Ke4 49. g4 Kd5 50. Nb8 Kc4
51. Rc7+ Kb3 52. h4 b4 53. hxg5 hxg5 54. Nc6 Nd5 55. Rc8 Nb6 56. Rc7 Nd5
57. Rc8 Nb6 58. Rc7 Ka4 59. Nxb4 Kxb4 60. Rg7 Rd5 61. Rf7 1/2-1/2

[Event "ECC"]
[Site "Panormo GRE"]
[Date "2001.09.29"]
[Round "7"]
[White "Bykhovsky,Av"]
[Black "Edvardsson,K"]
[Result "1-0"]
[WhiteElo "2443"]
[BlackElo "2245"]
[EventDate "2001.09.22"]

1. d4 Nf6 2. c4 e6 3. Nf3 b6 4. g3 Ba6 5. Nbd2 c6 6. Bg2 d5 7. Ne5 Nfd7 8.
Nxd7 Nxd7 9. O-O Be7 10. b3 b5 11. c5 Bf6 12. Bb2 b4 13. Re1 Bb5 14. Qc2
O-O 15. f4 Qc7 16. Nf3 Be7 17. e3 Rfd8 18. Bc1 a5 19. Bd2 Ra7 20. a3 bxa3
21. Rxa3 Rda8 22. Rea1 f5 23. h3 Ra6 24. g4 g6 25. g5 Qa7 26. Qc3 Bd8 27.
h4 Qb8 28. Kf2 R8a7 29. h5 Rb7 30. Qc2 Rba7 31. Rh1 a4 32. b4 Bc4 33. hxg6
hxg6 34. Rh6 Kg7 35. Qd1 Bc7 36. Nh4 Nf8 37. Qh1 Rb7 38. Nxg6 Nxg6 39. Rh7+
Kg8 40. Qh6 Be5 41. Qxg6+ Bg7 42. Ra1 1-0

[Event "ECC"]
[Site "Panormo GRE"]
[Date "2001.09.29"]
[Round "7"]
[White "Thorfinnsson,Bj"]
[Black "Haimovich,T"]
[Result "1-0"]
[WhiteElo "2220"]
[BlackElo "2304"]
[EventDate "2001.09.22"]

1. d4 d5 2. Nf3 Nf6 3. Bg5 Ne4 4. e3 Nxg5 5. Nxg5 Nd7 6. f4 Nf6 7. Bd3 Bg4
8. Qd2 e6 9. h3 Bf5 10. g4 Bxd3 11. Qxd3 c6 12. Nd2 Qa5 13. c3 Qb5 14. Qc2
Bd6 15. Ngf3 O-O-O 16. O-O-O Qa5 17. Kb1 Kb8 18. Ne5 Qc7 19. c4 c5 20. g5
Nh5 21. cxd5 exd5 22. dxc5 Bxe5 23. fxe5 Qxe5 24. Rhf1 f6 25. Nb3 Ng3 26.
Rg1 Nf5 27. Rde1 Nxe3 28. gxf6 gxf6 29. Qd3 d4 30. Rg7 f5 31. Reg1 Ng4 32.
Qg3 Qxg3 33. Rxg3 Nf6 34. Na5 Rd7 35. Rxd7 Nxd7 36. c6 Ne5 37. cxb7 Rf8 38.
Kc2 Kc7 39. Rg7+ Kb6 40. b4 f4 41. Re7 Nf3 42. Nc4+ Kc6 43. b5+ Kd5 44.
Rd7+ Ke6 45. Rc7 d3+ 46. Kxd3 Rb8 47. Ke4 Ng5+ 48. Kxf4 Nf7 49. a4 Kd5 50.
Rxf7 Kxc4 51. Ke5 Kc5 52. Rxh7 Re8+ 53. Kf6 Kb6 54. Re7 Rh8 55. h4 a5 56.
Kg7 Rd8 57. h5 Ka7 58. h6 Rd4 59. b8=R+ 1-0

[Event "ECC"]
[Site "Panormo GRE"]
[Date "2001.09.29"]
[Round "7"]
[White "Berndt,S"]
[Black "Banikas,H"]
[Result "0-1"]
[WhiteElo "2479"]
[BlackElo "2531"]
[EventDate "2001.09.22"]

1. e4 c5 2. Nf3 Nc6 3. d4 cxd4 4. Nxd4 Qc7 5. Nc3 e6 6. Be3 a6 7. Bd3 Nf6
8. O-O h5 9. h3 b5 10. Nxc6 Qxc6 11. a3 Bb7 12. Re1 Rc8 13. Bg5 Bd6 14. Qf3
Qc5 15. Bxf6 gxf6 16. Nd5 Be5 17. b4 Qa7 18. Nxf6+ Ke7 19. Nxh5 Bxa1 20.
Rxa1 Qd4 21. Rd1 Rc3 22. Ng3 Qe5 23. Qe3 Rxa3 24. f4 Qc3 25. Kh2 Rg8 26.
Rf1 Qxc2 27. Rf3 Qc7 28. f5 Kd8 29. Qh6 Qe5 30. fxe6 fxe6 31. Qh7 Rxg3 0-1

[Event "ECC"]
[Site "Panormo GRE"]
[Date "2001.09.29"]
[Round "7"]
[White "Borriss,M"]
[Black "Miladinovic,I"]
[Result "0-1"]
[WhiteElo "2445"]
[BlackElo "2496"]
[EventDate "2001.09.22"]

1. e4 c5 2. Nf3 Nc6 3. d4 cxd4 4. Nxd4 Qc7 5. Nc3 e6 6. Be2 a6 7. O-O Nf6
8. Be3 Bb4 9. Na4 Be7 10. Nxc6 bxc6 11. Nb6 Rb8 12. Nxc8 Qxc8 13. e5 Nd5
14. Bc1 Bc5 15. c4 Ne7 16. b3 Qc7 17. Bb2 d6 18. exd6 Bxd6 19. g3 Be5 20.
Bxe5 Qxe5 21. Bf3 c5 22. Re1 Qc7 23. Be4 O-O 24. Qc2 h6 25. Qc3 Rfd8 26.
Rad1 Kf8 27. Kf1 a5 28. Ke2 Ng8 29. h4 Nf6 30. Bf3 Ke7 31. Rxd8 Rxd8 32.
Rd1 Rb8 33. Kf1 Rb4 34. a3 Rb8 35. Rb1 Qb6 36. Kg2 g5 37. hxg5 hxg5 38. Kg1
g4 39. Bg2 Rd8 40. Kf1 Rd4 41. b4 Nd7 42. Qe1 axb4 43. axb4 Rxc4 44. b5 Qd6
45. Kg1 Rb4 46. Rd1 Rd4 47. Rc1 Rd2 48. Bc6 Qd4 49. Bxd7 Kxd7 50. Rb1 Kc7
51. b6+ Kb7 52. Qf1 c4 53. Qg2+ Kb8 54. Rf1 Rd1 55. Qc6 Rxf1+ 56. Kxf1 Qd1+
57. Kg2 Qd5+ 0-1

[Event "ECC"]
[Site "Panormo GRE"]
[Date "2001.09.29"]
[Round "7"]
[White "Grivas,E"]
[Black "Poldauf,D"]
[Result "1/2-1/2"]
[WhiteElo "2489"]
[BlackElo "2403"]
[EventDate "2001.09.22"]

1. d4 Nf6 2. c4 g6 3. Nc3 Bg7 4. e4 d6 5. Nf3 O-O 6. h3 e5 7. dxe5 dxe5 8.
Qxd8 Rxd8 9. Bg5 Nbd7 10. O-O-O Rf8 11. Nd5 c6 12. Ne7+ Kh8 13. Be3 Re8 14.
Nxc8 Raxc8 15. Nd2 Bf8 16. Nb3 Rc7 17. f3 Nh5 18. c5 Nf4 19. Rd2 Ne6 20.
Rc2 h5 21. h4 Kh7 22. g3 Bh6 23. Bxh6 Kxh6 24. Bh3 b6 25. cxb6 axb6 26. Rd1
c5 27. Rd6 b5 28. Bxe6 fxe6 29. Rcd2 Nb8 30. Rb6 Nc6 31. Rxb5 c4 32. Na5
Nd4 33. Rb4 c3 34. bxc3 Rxc3+ 35. Kb2 Rxf3 36. Nc4 Rxg3 37. Nxe5 Nf3 38.
Nf7+ Kg7 39. Rd7 Ra8 40. Ng5+ Kg8 41. Nxe6 Rg2+ 42. Kb1 Rg1+ 43. Kb2 Rg2+
44. Kb3 Nd2+ 45. Kc3 Ra3+ 46. Kd4 Nf3+ 47. Kc5 Rc2+ 48. Kd6 Rd2+ 49. Ke7
Rxd7+ 50. Kxd7 Ra7+ 51. Kd6 Nxh4 52. Ke5 Kf7 53. Nd8+ Kg7 54. Rb7+ Rxb7 55.
Nxb7 Nf3+ 56. Kf4 Nd4 57. a4 Kf6 58. e5+ Ke6 59. a5 h4 60. a6 Nb5 1/2-1/2

[Event "ECC"]
[Site "Panormo GRE"]
[Date "2001.09.29"]
[Round "7"]
[White "Thiede,L"]
[Black "Mastrovasilis,D"]
[Result "1/2-1/2"]
[WhiteElo "2410"]
[BlackElo "2435"]
[EventDate "2001.09.22"]

1. g3 d5 2. c4 c6 3. Bg2 Nf6 4. Nf3 Bg4 5. Ne5 Bf5 6. cxd5 cxd5 7. Nc3 e6
8. Qa4+ Nbd7 9. g4 Bc2 10. Nxf7 Kxf7 11. Qxc2 Nxg4 12. d4 Bb4 13. O-O Ngf6
14. Qd3 Re8 15. Bf4 Rc8 16. Rfc1 Qa5 17. Bd2 Qb6 18. Rc2 Bd6 19. Rac1 Rc6
20. e4 Nxe4 21. Nxe4 dxe4 22. Bxe4 Rxc2 23. Rxc2 Nf6 24. Qf3 Qxd4 25. Bxb7
Qe5 26. h3 Kg8 27. Bc3 Qg5+ 28. Qg2 Qf5 29. Re2 Re7 30. Bf3 e5 31. Bd5+ Kh8
32. Be4 Qe6 33. Rd2 Bc7 34. Bd5 Nxd5 35. Qxd5 Qg6+ 36. Kf1 h6 37. Re2 e4
38. Qa8+ Kh7 39. Qc8 Be5 40. Qg4 Bxc3 41. Qxg6+ Kxg6 42. bxc3 Kf5 43. Rb2
Rc7 44. Rb3 Kf4 45. Kg2 a5 46. Rb5 Rxc3 47. Rxa5 Rc2 48. Ra4 Rd2 49. Ra3 h5
50. Ra4 h4 51. Ra7 g6 52. Kf1 Rd1+ 53. Kg2 Rd2 54. Kf1 g5 55. a4 Ra2 56. a5
Kf5 57. Ra8 Ra1+ 58. Kg2 Ra2 59. Kf1 Ra1+ 60. Ke2 Ra2+ 1/2-1/2

[Event "ECC"]
[Site "Panormo GRE"]
[Date "2001.09.29"]
[Round "7"]
[White "Thorhallsson,T"]
[Black "Oral,T"]
[Result "1/2-1/2"]
[WhiteElo "2456"]
[BlackElo "2540"]
[EventDate "2001.09.22"]

1. e4 c5 2. Nf3 Nc6 3. d4 cxd4 4. Nxd4 Qc7 5. Nc3 e6 6. g3 a6 7. Bg2 Nf6 8.
O-O Bc5 9. Nxc6 dxc6 10. Na4 Ba7 11. c4 Nd7 12. b4 b5 13. Nb2 c5 14. Bd2
O-O 15. Rc1 e5 16. Qe2 Qd6 17. Rfd1 Qe6 18. a3 Rd8 19. Bf1 Bb7 20. cxb5
axb5 21. Qxb5 Bxe4 22. Bg2 Bxg2 23. Kxg2 cxb4 24. Bxb4 h5 25. Qd5 Qb6 26.
Rc2 Nf6 27. Qc6 Qxc6+ 28. Rxc6 Bd4 29. Nc4 Rdc8 30. Na5 Nd5 31. Rxc8+ Rxc8
32. Nb3 Nxb4 33. Nxd4 1/2-1/2

[Event "ECC"]
[Site "Panormo GRE"]
[Date "2001.09.29"]
[Round "7"]
[White "Jonsson,B"]
[Black "Horvath,Mario"]
[Result "1-0"]
[WhiteElo "2395"]
[BlackElo "2257"]
[EventDate "2001.09.22"]

1. e4 c5 2. Nf3 d6 3. d4 cxd4 4. Nxd4 Nf6 5. Nc3 g6 6. Be3 Bg7 7. f3 O-O 8.
Qd2 Nc6 9. Bc4 Bd7 10. O-O-O Qa5 11. h4 Rfc8 12. Bb3 Ne5 13. Kb1 b5 14.
Ncxb5 Qxd2 15. Bxd2 Rab8 16. a4 a6 17. Nc3 Be8 18. Bg5 Kf8 19. Ka2 Nc4 20.
g4 Rc5 21. Bc1 h5 22. gxh5 Nxh5 23. Rhg1 Na5 24. Rg5 Nb7 25. f4 Rxg5 26.
hxg5 Nc5 27. f5 gxf5 28. exf5 Nxb3 29. cxb3 Ng3 30. f6 Bh8 31. Bf4 Nh5 32.
Rh1 Bxf6 33. gxf6 Nxf6 34. Nf5 Ng8 35. Nxd6 Rb4 36. Nxe8 Rxf4 37. Nc7 Rf6
38. N7d5 Rd6 39. Ne3 e6 40. Nc4 Rd4 41. Rd1 Rxd1 42. Nxd1 Ne7 43. Ka3 Nc6
44. b4 Ke7 45. b5 axb5 46. axb5 Nd4 47. Kb4 f5 48. Kc5 Nb3+ 49. Kb6 Nd4 50.
Ka6 Kd7 51. b6 Nc6 52. Na5 1-0